Statistics for United States Navy Ranks

Click here to take the quiz!

General Stats

  • This quiz has been taken 230 times
    (171 since last reset)
  • The average score is 12 of 26

Answer Stats

Grade Answer % Correct
E-3Seaman
81%
O-10Admiral
80%
O-3Lieutenant
76%
O-6Captain
75%
O-5Commander
65%
E-2Seaman Apprentice
65%
O-1Ensign
58%
E-7Chief Petty Officer
56%
O-9Vice Admiral
55%
O-4Lieutenant Commander
50%
E-1Seaman Recruit
46%
E-9aMaster Chief Petty Officer
45%
E-8Senior Chief Petty Officer
42%
E-6Petty Officer 1st Class
42%
E-5Petty Officer 2nd Class
42%
O-2Lieutenant Junior Grade
40%
E-4Petty Officer 3rd Class
40%
O-8Rear Admiral (Upper-Half)
34%
O-7Rear Admiral (Lower-Half)
33%
O-11 [Special]Fleet Admiral
31%
E-9c [SEA]Master Chief Petty Officer of the Navy
30%
WO-3Chief Warrant Officer 3
19%
E-9bFleet/Command Master Chief Petty Officer
19%
WO-2Chief Warrant Officer 2
18%
WO-4Chief Warrant Officer 4
18%
WO-5Chief Warrant Officer 5
17%

Score Distribution

Percentile by Number Answered

Percent of People with Each Score

Your Score History

You have not taken this quiz since the last reset